| 000 | 00831nam a2200265 i 4500 | ||
|---|---|---|---|
| 001 | bg | ||
| 100 | 1 | _aChi, Tran. | |
| 245 | 1 | 0 |
_aA theory of geotechnical uncertainty / _cTran Chi ; Technical University of Gdańsk. |
| 260 |
_aGdańsk : _bWydawnictwo Politechniki Gdańskiej, _c2000. |
||
| 300 |
_a229, [1] s. : _brys., wykr. ; _c24 cm. |
||
| 490 | 1 |
_aMonografie / Politechnika Gdańska ; _vnr 14 |
|
| 500 | _aStreszcz. pol. | ||
| 504 | _aBibliogr. s. 219-229. | ||
| 650 | 4 |
_aGeologia inżynierska _xteoria |
|
| 650 | 4 |
_aLogika wielowartościowa _xstosowanie |
|
| 830 |
_aMonografie - Politechnika Gdańska ; _vnr 14 |
||
| 020 | _a8388007386 | ||
| 040 | _cBPK | ||
| 041 | 0 |
_aeng _bpol |
|
| 080 | _a624.131 | ||
| 080 | _a161/164 | ||
| 920 | _a83-88007-38-6 | ||
| 942 | _cKS | ||
| 008 | s pl f |000 0 pol | ||
| 999 |
_c37254 _d37254 |
||
| 856 |
_uhttp://koha.tu.koszalin.pl/cgi-bin/koha/opac-detail.pl?biblionumber=37254 _yKatalog online BPK |
||